| 000 | 01091nas a2200337 4500 | ||
|---|---|---|---|
| 001 | BR0205286 | ||
| 003 | BR-BrBNA | ||
| 005 | 20231205103330.0 | ||
| 007 | ta | ||
| 008 | 230509b bl.|||p| |||| 00| 00por d | ||
| 040 |
_aBR-BrBNA _bpor _cBiblioteca Nacional de Agricultura |
||
| 041 | _a(Pt) | ||
| 072 | _aQ54 | ||
| 100 | 1 | _aRodrigues, P.H.M. | |
| 100 | 1 | _aAlmeida, T.F. de | |
| 100 | 1 | _aMelotti, L. | |
| 100 | 1 | _aAndrade, S.J.T. de | |
| 100 | 1 | _aPeixoto Júnior, K. de C. | |
| 245 | 1 | _aEfeitos da adição de inoculantes microbianos sobre a composição bromatológica e sobre a fermentação da silagem de girassol produzida em silos experimentais | |
| 650 | _aGIRASSOL | ||
| 650 | _aSILAGEM | ||
| 650 | _aCOMPOSIÇÃO DE ALIMENTO | ||
| 650 | _aINOCULANTE | ||
| 650 | _aFERMENTAÇÃO | ||
| 650 | _aPH | ||
| 650 | _aBACTÉRIA | ||
| 650 | _aCOMPOSIÇÃO QUÍMICA | ||
| 773 | 0 |
_tRevista Brasileira de Zootecnia (Brazil) _xISSN 1516-3598 _g(Nov-Dec 2001), v. 30(6)Suplemento p. 2169-2175 _wBR0205286 |
|
| 909 |
_a202311 _bLúcia _c55 _dLúcia Elande |
||
| 942 |
_2AGRIS _n0 _cANA |
||
| 999 |
_c172308 _d172308 |
||